Name 100 Rappers - Statistics

General Stats
  • This quiz has been taken 77 times
  • The average score is 21 of 100
Answer Stats
First Letter Answer % Correct
2 2Pac
71%
D Drake
65%
K Kendrick Lamar
65%
L Lil Wayne
62%
K Kanye West
61%
E Eminem
59%
2 2Chainz
58%
L Lil Baby
57%
5 50 Cent
51%
X XXXtentacion
49%
L Lil Uzi Vert
48%
2 21 Savage
46%
B Biggie
46%
J J Cole
46%
N Nicki Minaj
46%
J Jay Z
45%
J Juice WRLD
45%
F Future
43%
D Da Baby
39%
A Andre 3000
38%
I Ice Cube
38%
S Snoop Dogg
36%
T Travis Scott
36%
D Dr Dre
33%
L Lil Tecca
33%
N Nas
33%
Y Young Thug
33%
C Cardi B
30%
E Eazy E
29%
O Offset
25%
K King Von
23%
T Tyler The Creator
23%
B Baby Keem
22%
R Rick Ross
22%
G Gunna
20%
T TI
20%
D DMX
19%
A A$AP Rocky
17%
L Lil Tjay
17%
P Pop Smoke
17%
D Denzel Curry
16%
L Logic
16%
B Big L
14%
J JID
14%
P Pusha T
14%
R Rakim
14%
C Chance The Rapper
13%
M Mac Miller
13%
R RZA
13%
B Big Sean
12%
C Central Cee
12%
C Chief Keef
12%
D Don Toliver
12%
E Earl Sweatshirt
12%
F Fetty Wap
12%
G GZA
12%
M Method Man
12%
M MF DOOM
12%
N NLE Choppa
12%
G Ghostface Killah
10%
M Malice
10%
P Playboy Carti
10%
Y Yeat
10%
A A Boogie Wit da Hoodie
9%
B Big Pun
9%
B BigXThaPlug
9%
F Freddie Gibbs
9%
G Gucci Mane
9%
J Jack Harlow
9%
K Kid Cudi
9%
K Kodak Black
9%
R Royce Da 5”9
9%
A A$AP Ferg
7%
D Danny Brown
7%
P Polo G
7%
T Trippie Redd
7%
B Big Boy
6%
C Common
6%
G Glorilla
6%
H Havoc
6%
J Jay Rock
6%
J Joey Bada$$
6%
P Prodigy
6%
R Raekwon
6%
W Westside Gunn
6%
B Benny The Butcher
4%
B Black Thought
4%
N NAV
4%
O Obie Trice
4%
W Warren G
4%
A Action Bronson
3%
B Big Krit
3%
L Little Simz
3%
L Lloyd Banks
3%
N Nate Dogg
3%
S ScHoolboy Q
3%
S Skepta
3%
W Wale
3%
K Kano
0%
W Wiley
0%
No matching quizzes found
Score Distribution
Percent of People with Each Score
Percentile by Number Answered
Your Score History
You have not taken this quiz